Pays sans voyelle(s) - Aléatoire - Statistiques

Statistiques générales
  • Ce quiz a été pris 670 fois
  • Le résultat moyen est 18 sur 20
Statistiques - réponses
Pays sans voyelle Pays % Correct
_fgh_n_st_n Afghanistan
100%
Br_s_l Brésil
100%
C_mb_dg_ Cambodge
100%
Ch_n_ Chine
100%
Gr_c_ Grèce
100%
G_ _t_m_l_ Guatemala
100%
_sl_nd_ Islande
100%
J_rd_n_ _ Jordanie
100%
K_s_v_ Kosovo
100%
L_ _s Laos
100%
L_b_n Liban
100%
M_d_g_sc_r Madagascar
100%
M_r_c Maroc
100%
M_x_q_ _ Mexique
100%
M_n_c_ Monaco
100%
N_p_l Népal
100%
P_k_st_n Pakistan
100%
P_rt_g_l Portugal
100%
Q_t_r Qatar
100%
R_p_bl_q_ _ - d_m_cr_t_q_ _ d_ - C_ng_ Rép dém du Congo
100%
R_p_bl_q_ _ D_m_n_c_ _n_ République dominicaine
100%
R_p_bl_q_ _ tch_q_ _ République tchèque
100%
R_ss_ _ Russie
100%
S_lv_d_r Salvador
100%
S_n_g_l Sénégal
100%
T_nz_n_ _ Tanzanie
100%
V_n_z_ _l_ Venezuela
100%
_ll_m_gn_ Allemagne
98%
B_h_m_s Bahamas
98%
B_n_n Bénin
98%
B_rm_n_ _ Birmanie
98%
B_lg_r_ _ Bulgarie
98%
C_m_r_ _n Cameroun
98%
Ch_pr_ Chypre
98%
C_r_ _ d_ N_rd Corée du Nord
98%
C_t_ d'_v_ _r_ Côte d'Ivoire
98%
D_n_m_rk Danemark
98%
F_dj_ Fidji
98%
F_nl_nd_ Finlande
98%
Gh_n_ Ghana
98%
H_ngr_ _ Hongrie
98%
J_m_ _q_ _ Jamaïque
98%
K_w_ _t Koweït
98%
L_ _cht_nst_ _n Liechtenstein
98%
M_lt_ Malte
98%
N_c_r_g_ _ Nicaragua
98%
P_ _s - B_s Pays-Bas
98%
R_p_bl_q_ _ - d_ - C_ng_ Rép du Congo
98%
R_p_bl_q_ _ C_ntr_fr_c_ _n_ République centrafricaine
98%
S_ _nt - Chr_st_ph_ - _t - N_ _v_s Saint-Christophe-et- Niévès
98%
S_ _nt - M_r_n Saint-Marin
98%
S_rb_ _ Serbie
98%
S_ng_p_ _r Singapour
98%
Sl_v_q_ _ _ Slovaquie
98%
Sl_v_n_ _ Slovénie
98%
S_m_l_ _ Somalie
98%
S_ _d_n - d_ - S_d Soudan du Sud
98%
S_ _ss_ Suisse
98%
T_dj_k_st_n Tadjikistan
98%
T_ _w_n Taïwan
98%
Tch_d Tchad
98%
Th_ _l_nd_ Thaïlande
98%
T_g_ Togo
98%
T_rq_ _ _ Turquie
98%
Z_mb_bw_ Zimbabwe
98%
B_ngl_d_sh Bangladesh
97%
B_rk_n_ F_s_ Burkina Faso
97%
Ch_l_ Chili
97%
G_b_n Gabon
97%
G_ _rg_ _ Géorgie
97%
_rl_nd_ Irlande
97%
J_p_n Japon
97%
L_t_ _n_ _ Lituanie
97%
M_nt_n_gr_ Monténégro
97%
N_ _v_ll_ - Z_l_nd_ Nouvelle-Zélande
97%
Ph_l_pp_n_s Philippines
97%
P_l_gn_ Pologne
97%
S_ _nt_ - L_c_ _ Sainte-Lucie
97%
V_t_c_n Vatican
97%
V_ _t - N_m Viêt Nam
97%
_rm_n_ _ Arménie
96%
C_l_mb_ _ Colombie
96%
C_r_ _ - d_ - S_d Corée du Sud
96%
Dj_b_ _t_ Djibouti
96%
D_m_n_q_ _ Dominique
96%
M_l_ Mali
96%
_ _zb_k_st_n Ouzbékistan
96%
Rw_nd_ Rwanda
96%
S_ _nt - V_nc_nt - _t - l_s - Gr_n_d_n_s Saint-Vincent-et-les- Grenadines
96%
Sr_ L_nk_ Sri Lanka
96%
S_r_ _ Syrie
96%
T_rkm_n_st_n Turkménistan
96%
Z_mb_ _ Zambie
96%
_z_rb_ _dj_n Azerbaïdjan
95%
B_lg_q_ _ Belgique
95%
B_sn_ _ H_rz_g_v_n_ Bosnie-Herzégovine
95%
C_n_d_ Canada
95%
C_p - V_rt Cap-Vert
95%
C_m_r_s Comores
95%
_sp_gn_ Espagne
95%
_l_s M_rsh_ll Îles Marshall
95%
_r_k Irak
95%
M_ng_l_ _ Mongolie
95%
M_z_mb_q_ _ Mozambique
95%
N_g_r Niger
95%
N_rv_g_ Norvège
95%
R_ _m_n_ _ Roumanie
95%
S_ _d_n Soudan
95%
Y_m_n Yémen
95%
_fr_q_ _ - d_ - S_d Afrique du Sud
94%
Fr_nc_ France
94%
L_x_mb_ _rg Luxembourg
94%
N_g_r_ _ Nigeria
94%
B_ _l_r_ss_ _ Biélorussie
93%
_g_pt_ Égypte
93%
_nd_ Inde
93%
_r_n Iran
93%
K_z_khst_n Kazakhstan
93%
M_ld_v_s Maldives
93%
P_n_m_ Panama
93%
T_n_s_ _ Tunisie
93%
C_st_ R_c_ Costa Rica
92%
Cr_ _ t_ _ Croatie
92%
_th_ _p_ _ Éthiopie
92%
P_p_ _ _s_ _ - N_ _v_ll_ - G_ _n_ _ Papouasie-Nouvelle-Guinée
92%
S_l_m_n Salomon
92%
_rg_nt_n_ Argentine
91%
_ _tr_ch_ Autriche
91%
B_tsw_n_ Botswana
91%
G_mb_ _ Gambie
91%
H_nd_r_s Honduras
91%
L_tt_n_ _ Lettonie
91%
L_b_r_ _ Liberia
91%
M_c_d_ _n_ - d_ - N_rd Macédoine du Nord
91%
M_ _r_t_n_ _ Mauritanie
91%
M_ld_v_ _ Moldavie
91%
N_m_b_ _ Namibie
91%
S_ _ch_ll_s Seychelles
91%
B_rb_d_ Barbade
90%
C_b_ Cuba
90%
Gr_n_d_ Grenade
90%
K_rgh_z_st_n Kirghizistan
90%
M_l_w_ Malawi
90%
_lb_n_ _ Albanie
89%
_nd_rr_ Andorre
89%
H_ _t_ Haïti
89%
B_l_v_ _ Bolivie
88%
B_r_nd_ Burundi
88%
_r_thr_ _ Érythrée
88%
G_ _n_ _-B_ss_ _ Guinée-Bissau
88%
S_r_n_m_ Suriname
88%
_sr_ _l Israël
87%
Br_n_ _ Brunei
86%
B_hr_ _n Bahreïn
85%
B_l_z_ Belize
85%
Bh_ _t_n Bhoutan
85%
M_l_ _s_ _ Malaisie
85%
_kr_ _n_ Ukraine
85%
G_ _n_ _ _q_ _t_r_ _l_ Guinée équatoriale
84%
_ng_l_ Angola
83%
_m_n Oman
83%
K_n_ _ Kenya
82%
K_r_b_t_ Kiribati
82%
L_s_th_ Lesotho
82%
L_b_ _ Libye
82%
R_ _ _ _m_ - _n_ Royaume-Uni
82%
_st_n_ _ Estonie
81%
T_ng_ Tonga
81%
_lg_r_ _ Algérie
80%
P_r_g_ _ _ Paraguay
80%
S_ _rr_ L_ _n_ Sierra Leone
79%
_q_ _t_ _r Équateur
78%
P_r_ _ Pérou
78%
Tr_n_t_ - _t -T_b_g_ Trinité-et-Tobago
78%
_ _str_l_ _ Australie
77%
_t_l_ _ Italie
77%
_l_ - M_ _r_c_ Île Maurice
76%
S_m_ _ Samoa
76%
M_cr_n_s_ _ Micronésie
75%
_nt_g - _ _ - _t-B_rb_d_ Antigua-et-Barbuda
74%
S_ _ - T_m_ - _t - Pr_nc_p_ Sao Tomé-et-Principe
74%
_r_b_ _ S_ _ _d_t_ Arabie Saoudite
73%
_t_ts - _n_s Etats-Unis
73%
T_v_l_ Tuvalu
73%
G_ _n_ _ Guinée
71%
N_ _r_ Nauru
71%
_ _g_nd_ Ouganda
70%
P_l_ _s Palaos
69%
_m_r_ts - _r_b_s - _n_s Émirats arabes unis
68%
T_m_r _r_ _nt_l Timor oriental
68%
_nd_n_s_ _ Indonésie
67%
V_n_ _t_ Vanuatu
67%
_sw_t_n_ Eswatini
66%
S_ _d_ Suède
60%
G_ _ _n_ Guyana
48%
_r_g_ _ _ Uruguay
28%
Aucun quiz correspondant
Distribution des résultats
% des personnes avec chaque résultat
Percentile par nombre de réponses
Votre historique - résultats
Vous n’avez pas pris ce quiz